MLB Players by Picture - Statistics

General Stats
  • This quiz has been taken 188 times
  • The average score is 16 of 20
Answer Stats
Picture Answer % Correct
Aaron Judge
99%
Shohei Ohtani
98%
Mike Trout
97%
Paul Skenes
93%
Vladimir Guerrero Jr.
93%
Elly De La Cruz
92%
Ronald Acuna Jr.
92%
Jose Altuve
91%
Juan Soto
89%
Francisco Lindor
86%
Corey Seager
83%
Gerrit Cole
83%
Bobby Witt Jr.
82%
Tarik Skubal
75%
Yordan Alvarez
74%
Corbin Carroll
72%
Chris Sale
70%
Emmanuel Clase
59%
Shota Imanaga
58%
Devin Williams
56%
No matching quizzes found
Score Distribution
Percent of People with Each Score
Percentile by Number Answered
Your Score History
You have not taken this quiz